000 00411nam a2200181Ia 4500
005 20250603144550.0
008 250603s9999 xx 000 0 und d
020 _a9879780693381
050 _aPR 9387 .O76/
100 _a Orojide-Isola, Akinwumi
245 0 _aBelly bellows
260 _aIbadan
260 _b University Press
260 _c2009
300 _a107 p
650 _aIbadan
942 _cBK
999 _c39299
_d39299